000 00927 a2200229 4500
001 125707
020 _a9780545303040
040 _cEscola Canadense de Niteroi
090 _aD6 - CAT
100 _aCatrow, David
245 1 0 _aDinosaur hunt
250 _a1st. ed.
260 _aNew York
300 _a32 p.
_c9 x 10 x 1.85 inches
362 0 _a2010
490 0 _aMax Spaniel
520 _aMax Spaniel is a daffy hound dog who one day decides to go on a dinosaur dig. But what Max thinks are dinosaur parts is just a lot of junk--or is it? As Max puts his fossils together, readers will see how the random objects Max finds--including a football, a hockey stick, and an old boot--transform into a living dino! New readers will laugh out loud as they follow the fantastical thoughts of this wacky hound.
650 4 _aHunting
650 4 _aKindergarten's Literature
650 4 _aBeginner Readers
942 _cBK
999 _c125707
_d125707